KOHA-Header-6

An Introduction to Derivatives and Risk Management (Record no. 8781)

000 -LEADER
fixed length control field 00261nam a2200109Ia 4500
020 ## - INTERNATIONAL STANDARD BOOK NUMBER
ISBN 978-0-324-32139-5
100 ## - MAIN ENTRY--AUTHOR NAME
Personal name Don M.Chance
245 #3 - TITLE STATEMENT
Title An Introduction to Derivatives and Risk Management
260 ## - PUBLICATION, DISTRIBUTION, ETC. (IMPRINT)
Place of publication India
Name of publisher Person
Year of publication 1995
300 ## - PHYSICAL DESCRIPTION
Number of Pages 591
942 ## - ADDED ENTRY ELEMENTS (KOHA)
Koha item type Books
Holdings
Withdrawn status Lost status Collection code Permanent Location Current Location Shelving location Date acquired Full call number Accession Number Koha item type
    Finance MAJU MAJU Shelf No.A44 2019-09-14 658.403 3756 Finance

Powered by Koha